000 00283nam a22001337a 4500
008 170307b xxu||||| |||| 00| 0 eng d
020 _a9781435140653
041 _aeng
080 _a611
100 _a6
101 _aSHM
245 _a30-SECOND ANATOMY
_cFINN, G.M
942 _2udc
_cBK
999 _c6987
_d6987